00448nam a2200109Ia 4500008004100000050002200041100002400063245012400087260008600211300002900297521001200326140724s9999 xx 000 0 und d aRT 71b.N238 2007 aNarvadez, Jeremy T. aImpact of stress on the fourth year students wellness:ba basis for stress management techniques /cJeremy T. Narvadez. aLas Piñas, Philippines :bSouthville International School and Colleges,cc2007. a100 p. :bill. ;c28 cm. aNursing